[Event "Championnat de France des Jeunes - Minim"]
[Site "NIMES"]
[Date "2012.04.14"]
[Round "1.1"]
[White "Troadec, Anaelle"]
[Black "Navrotescu, Andreea-Cristiana"]
[Result "0-1"]
[WhiteElo "1520"]
[BlackElo "2094"]
[PlyCount "38"]

1. d4 Nf6 2. c4 e6 3. Nc3 Bb4 4. Bd2 O-O 5. e3 b6 6. Bd3 Bb7 7. Nf3 d6 8. O-O
Nbd7 9. a3 Bxc3 10. Bxc3 c5 11. Re1 Rc8 12. Rc1 cxd4 13. exd4 d5 14. b3 dxc4
15. bxc4 Qc7 16. Bb4 Rfd8 17. Nd2 Qf4 18. Bc3 Ng4 19. g3 Qxf2# 0-1

[Event "Championnat de France des Jeunes - Minim"]
[Site "NIMES"]
[Date "2012.04.14"]
[Round "1.2"]
[White "Bellaiche, Elise"]
[Black "Langlais, Victoire"]
[Result "1-0"]
[WhiteElo "1985"]
[BlackElo "1517"]
[PlyCount "93"]

1. e4 c5 2. c3 Nc6 3. d4 cxd4 4. cxd4 e6 5. Nc3 d6 6. Nf3 Nf6 7. Bd3 Be7 8. O-O
a6 9. Be3 b5 10. Rc1 Bb7 11. a3 Rc8 12. h3 O-O 13. Bb1 Qc7 14. Qd3 e5 15. d5
Nb8 16. Nxb5 Qd7 17. Nc3 a5 18. Qd2 Na6 19. Ne1 Nc5 20. Bxc5 Rxc5 21. Nd3 Rc4
22. b3 Rc7 23. Nb2 Rfc8 24. Nc4 Qd8 25. Bd3 Nd7 26. Nb5 Bg5 27. f4 Bxf4 28.
Rxf4 exf4 29. Nxc7 Qxc7 30. Qxf4 Ne5 31. Rd1 Nxd3 32. Rxd3 Ba6 33. Rf3 Bxc4 34.
bxc4 f6 35. Rc3 Qb6+ 36. Kh2 Qa6 37. Qc1 Re8 38. Qc2 Rc8 39. Qd3 Rc5 40. g4 h6
41. h4 g5 42. hxg5 hxg5 43. Qd4 Kf7 44. Rf3 Qc8 45. Qxf6+ Ke8 46. Qf8+ Kd7 47.
Rf7# 1-0

[Event "Championnat de France des Jeunes - Minim"]
[Site "NIMES"]
[Date "2012.04.14"]
[Round "1.3"]
[White "Tamburro, Clemence"]
[Black "Rigolot, Lucie"]
[Result "0-1"]
[WhiteElo "1504"]
[BlackElo "1954"]
[PlyCount "62"]

1. e4 c5 2. Nf3 d6 3. Bb5+ Bd7 4. Bxd7+ Qxd7 5. d4 cxd4 6. Nxd4 Nf6 7. Nc3 g6
8. Be3 Bg7 9. O-O O-O 10. f4 Nc6 11. f5 Ne5 12. Qc1 Nfg4 13. Nf3 Nxe3 14. Nxe5
Bxe5 15. Qxe3 b5 16. a3 a5 17. Rab1 Rab8 18. Ne2 b4 19. axb4 Rxb4 20. fxg6 hxg6
21. b3 Qb7 22. Qd2 Rxe4 23. Ng3 Qb6+ 24. Kh1 Bxg3 25. hxg3 Kg7 26. Rf2 Qc5 27.
Ra1 Rh8+ 28. Kg1 Qe5 29. Rxa5 Qxg3 30. Rf3 Re1+ 31. Rf1 Rh1+ 0-1

[Event "Championnat de France des Jeunes - Minim"]
[Site "NIMES"]
[Date "2012.04.14"]
[Round "1.4"]
[White "Fischer, Julie"]
[Black "Ollivier, Clemence"]
[Result "1-0"]
[WhiteElo "1841"]
[BlackElo "1500"]
[PlyCount "77"]

1. e4 e5 2. Nf3 Nc6 3. d4 exd4 4. Bc4 Nf6 5. e5 Ng4 6. Bxf7+ Kxf7 7. Ng5+ Kg8
8. Qxg4 Nxe5 9. Qxd4 Qf6 10. Nc3 Qd6 11. Qe4 h6 12. Bf4 hxg5 13. Bxe5 Qc6 14.
Qxc6 dxc6 15. O-O-O Bc5 16. Ne4 Bb6 17. Rd8+ Kh7 18. Nxg5+ Kg6 19. Rxh8 Kxg5
20. f4+ Kg6 21. Kd2 Ba5+ 22. c3 b5 23. Rg8 Bb7 24. Rxg7+ Kh6 25. Rd7 Rg8 26.
Rg1 Bb6 27. Bd4 Bc8 28. Rf7 Rd8 29. Ke3 Re8+ 30. Kf3 Bxd4 31. cxd4 Be6 32. Rf6+
Kg7 33. Rxe6 Rxe6 34. g4 Rd6 35. Rd1 c5 36. d5 c6 37. dxc6 Rxc6 38. Rd7+ Kf8
39. Rxa7 1-0

[Event "Championnat de France des Jeunes - Minim"]
[Site "NIMES"]
[Date "2012.04.14"]
[Round "1.5"]
[White "Nicolas-Manceau, Maya"]
[Black "Thomas, Anysia"]
[Result "0-1"]
[WhiteElo "1480"]
[BlackElo "1762"]
[PlyCount "74"]

1. e4 c6 2. d4 g6 3. Nf3 d5 4. exd5 cxd5 5. c4 Nf6 6. cxd5 Nxd5 7. Qa4+ Bd7 8.
Qb3 Nb6 9. Ng5 e6 10. Qf3 Bb4+ 11. Nc3 O-O 12. Qh3 h5 13. Be2 e5 14. Qd3 Bf5
15. Qb5 Nc6 16. Bf3 a6 17. Qe2 Nxd4 18. Qd1 Nc2+ 19. Ke2 Qxd1+ 20. Rxd1 Nxa1
21. Be4 Nc2 22. Bxf5 Nd4+ 23. Ke1 Nxf5 24. Bd2 Nc4 25. Nce4 Bxd2+ 26. Nxd2 Nxd2
27. Rxd2 Rfd8 28. Re2 f6 29. Ne4 Nd4 30. Nxf6+ Kf7 31. Rxe5 Kxf6 32. Rc5 Re8+
33. Kd2 Rad8 34. Kc3 b6 35. Rc4 Nb5+ 36. Kc2 Re2+ 37. Kc1 Rxf2 0-1

[Event "Championnat de France des Jeunes - Minim"]
[Site "NIMES"]
[Date "2012.04.15"]
[Round "2.1"]
[White "Navrotescu, Andreea-Cristiana"]
[Black "Vignette, Jeanne"]
[Result "1-0"]
[WhiteElo "2094"]
[BlackElo "1655"]
[PlyCount "97"]

1. d4 d5 2. c4 e6 3. Nc3 Be7 4. Nf3 Nf6 5. Bg5 O-O 6. cxd5 exd5 7. e3 h6 8. Bh4
c6 9. Bd3 Nbd7 10. Qc2 Re8 11. O-O Ne4 12. Bxe7 Qxe7 13. Nd2 f5 14. Rad1 Ndf6
15. f3 Nxd2 16. Qxd2 Qb4 17. a3 Qb6 18. b4 a5 19. b5 Qa7 20. Na4 cxb5 21. Bxb5
Bd7 22. Bxd7 Nxd7 23. Qd3 Rf8 24. Qb5 Nf6 25. Nb6 Qa6 26. Rb1 Qxb5 27. Rxb5
Rad8 28. Rxa5 Rfe8 29. Kf2 Rd6 30. Rb1 Rde6 31. Nxd5 Nxd5 32. Rxd5 Rxe3 33.
Rxf5 Rxa3 34. Rxb7 Rd8 35. Rff7 Rxd4 36. Rxg7+ Kf8 37. Rh7 Kg8 38. Rxh6 Rd2+
39. Kg3 Ra8 40. Rg6+ Kf8 41. Kh3 Re2 42. Rf6+ Kg8 43. Rc6 Rae8 44. f4 R2e7 45.
f5 Re5 46. g4 Rf8 47. Kh4 Rf7 48. Rxf7 Kxf7 49. Kg5 1-0

[Event "Championnat de France des Jeunes - Minim"]
[Site "NIMES"]
[Date "2012.04.15"]
[Round "2.2"]
[White "Sriskantharajah, Niruja"]
[Black "Bellaiche, Elise"]
[Result "0-1"]
[WhiteElo "1631"]
[BlackElo "1985"]
[PlyCount "76"]

1. e4 e6 2. d4 d5 3. Nc3 Nf6 4. e5 Nfd7 5. f4 c5 6. Nf3 Nc6 7. Be3 a6 8. Qd2 b5
9. dxc5 Bxc5 10. Bxc5 Nxc5 11. Qf2 Qe7 12. Bd3 b4 13. Ne2 f6 14. Qg3 Nxd3+ 15.
cxd3 O-O 16. d4 Na5 17. b3 Nc6 18. O-O a5 19. Rac1 Na7 20. Rc5 Ba6 21. Rfc1
Rac8 22. Qe1 Nb5 23. R5c2 f5 24. Qd2 Qd7 25. Ne1 Rxc2 26. Rxc2 Rc8 27. Nd3 Rxc2
28. Qxc2 Na3 29. Qd2 Qb5 30. Nec1 Nb1 31. Qc2 Nc3 32. h3 h6 33. Kh2 Qe8 34. Nc5
Bb5 35. N1d3 Qc6 36. Qf2 Bxd3 37. Nxd3 Ne4 38. Qe2 Qc3 0-1

[Event "Championnat de France des Jeunes - Minim"]
[Site "NIMES"]
[Date "2012.04.15"]
[Round "2.4"]
[White "Lefevre, Lucie"]
[Black "Fischer, Julie"]
[Result "0-1"]
[WhiteElo "1607"]
[BlackElo "1841"]
[PlyCount "78"]

1. e4 c5 2. Nf3 e6 3. d4 cxd4 4. Nxd4 Nc6 5. Be2 Qc7 6. O-O a6 7. Be3 Nf6 8.
Nd2 d5 9. exd5 Nxd5 10. Nc4 b5 11. Nxc6 Qxc6 12. Ne5 Qc7 13. Bd4 Bd6 14. Nf3
O-O 15. b3 Rd8 16. Bd3 e5 17. Bb2 Nf6 18. Nd2 Bb7 19. Re1 g6 20. Qc1 Re8 21.
Ne4 Nxe4 22. Bxe4 Bxe4 23. Rxe4 f5 24. Re2 e4 25. h3 Bf4 26. Qe1 Rad8 27. Bc3
Rd5 28. Ba5 Qd7 29. Bb6 Bd2 30. Qf1 Bc3 31. Rb1 Re6 32. Be3 Red6 33. Bf4 Rd1
34. Bxd6 Rxf1+ 35. Kxf1 Qxd6 36. Re3 b4 37. a3 Qd2 38. Re2 Qf4 39. axb4 Qh2 0-1

[Event "Championnat de France des Jeunes - Minim"]
[Site "NIMES"]
[Date "2012.04.15"]
[Round "2.5"]
[White "Thomas, Anysia"]
[Black "Lardies-Ceccaldi, Amalia"]
[Result "0-1"]
[WhiteElo "1762"]
[BlackElo "1621"]
[PlyCount "106"]

1. d4 d5 2. c4 e6 3. Nc3 Nf6 4. Nf3 Be7 5. Bg5 Nbd7 6. e3 O-O 7. cxd5 exd5 8.
Bd3 b6 9. Qc2 h6 10. Bh4 Bb7 11. O-O c5 12. dxc5 bxc5 13. a4 Re8 14. Rfd1 Qc7
15. Bg3 Bd6 16. Nb5 Qb6 17. Nxd6 Re6 18. Nxb7 Qxb7 19. Bf5 Ree8 20. Bxd7 Nxd7
21. a5 Rac8 22. Qf5 Nf6 23. Bh4 Ne4 24. Rab1 Qb5 25. Qxd5 Qxa5 26. Ne5 Qc7 27.
Qxe4 Rxe5 28. Qf4 g5 29. Bg3 gxf4 30. Bxf4 Qe7 31. Bxe5 Qxe5 32. h3 Kg7 33. b3
Qe6 34. Rdc1 Qe4 35. Ra1 Qb7 36. Rc4 Qxb3 37. Rg4+ Kf8 38. Ra6 Qb1+ 39. Kh2 c4
40. Rxh6 Ke7 41. Rhh4 c3 42. f3 c2 43. Re4+ Kd7 44. Rd4+ Kc7 45. Rc4+ Kb8 46.
Rb4+ Qxb4 47. Rxb4+ Ka8 48. e4 c1=Q 49. e5 Qc5 50. Re4 f5 51. exf6 Qd6+ 52. f4
Qxf6 53. g4 Qh4 0-1

[Event "Championnat de France des Jeunes - Minim"]
[Site "NIMES"]
[Date "2012.04.15"]
[Round "3.1"]
[White "Kambrath, Linda"]
[Black "Navrotescu, Andreea-Cristiana"]
[Result "0-1"]
[WhiteElo "1692"]
[BlackElo "2094"]
[PlyCount "74"]

1. e4 c5 2. Nf3 e6 3. Qe2 Nc6 4. d3 Be7 5. g3 d5 6. e5 b5 7. Bg2 a5 8. O-O Ba6
9. c3 h6 10. h4 Qb6 11. Re1 c4 12. d4 b4 13. Nbd2 a4 14. Nf1 Qa5 15. Bd2 a3 16.
cxb4 Bxb4 17. bxa3 Qxa3 18. Bxb4 Nxb4 19. Qe3 Qa4 20. Qd2 Nc2 21. Qd1 Bc8 22.
Rb1 Nxe1 23. Qxa4+ Rxa4 24. Nxe1 Rxa2 25. Rb8 Ne7 26. Ne3 O-O 27. N1c2 Bd7 28.
Rb7 Rd8 29. g4 Kf8 30. Kf1 Ba4 31. Ne1 Rc8 32. Rb1 Nc6 33. Nf3 c3 34. Rc1 c2
35. Ke2 Nb4 36. Kd2 Rb2 37. Ne1 Na2 0-1

[Event "Championnat de France des Jeunes - Minim"]
[Site "NIMES"]
[Date "2012.04.15"]
[Round "3.2"]
[White "Bellaiche, Elise"]
[Black "Nolot, Clementine"]
[Result "1-0"]
[WhiteElo "1985"]
[BlackElo "1735"]
[PlyCount "91"]

1. e4 e5 2. Nf3 Nc6 3. Bc4 Bc5 4. d3 d6 5. c3 Be6 6. Bb3 Bxb3 7. Qxb3 Bb6 8.
Nbd2 Qd7 9. Nc4 Nge7 10. a4 Rb8 11. Qc2 a6 12. Nxb6 cxb6 13. Be3 Ng6 14. O-O
Qg4 15. Qb3 O-O 16. h3 Qh5 17. Qxb6 f5 18. Qb3+ Kh8 19. exf5 Qxf5 20. Qd5 Rbd8
21. Bg5 Rd7 22. Qe4 Qe6 23. Qe2 Rdf7 24. Nd2 d5 25. d4 Qf5 26. Be3 exd4 27.
cxd4 Qc2 28. b3 Nf4 29. Qd1 Qxd1 30. Raxd1 Ne2+ 31. Kh2 Nexd4 32. Nb1 Nxb3 33.
Rxd5 Nb4 34. Rd6 Nc2 35. Bb6 Rg8 36. Rd3 Nba1 37. Na3 Rf6 38. a5 Rc8 39. Rc1
Rfc6 40. Nxc2 Nxc2 41. Rd7 Nb4 42. Re1 Rg6 43. Rxb7 Nd5 44. Rd1 Nf4 45. g3 Ne6
46. Ra7 1-0

[Event "Championnat de France des Jeunes - Minim"]
[Site "NIMES"]
[Date "2012.04.15"]
[Round "3.3"]
[White "Lardies-Ceccaldi, Amalia"]
[Black "Rigolot, Lucie"]
[Result "0-1"]
[WhiteElo "1621"]
[BlackElo "1954"]
[PlyCount "34"]

1. e4 c5 2. Nf3 d6 3. h3 Nf6 4. c3 Nc6 5. Bd3 Qc7 6. Bc2 d5 7. exd5 Nxd5 8. O-O
e6 9. d4 cxd4 10. Nxd4 Bd7 11. Re1 O-O-O 12. Nxc6 Bxc6 13. Nd2 Bc5 14. Nf3 Nxc3
15. bxc3 Rxd1 16. Bxd1 Bxf3 17. gxf3 Qg3+ 0-1

[Event "Championnat de France des Jeunes - Minim"]
[Site "NIMES"]
[Date "2012.04.15"]
[Round "3.4"]
[White "Fischer, Julie"]
[Black "Branlant, Albane"]
[Result "1-0"]
[WhiteElo "1841"]
[BlackElo "1659"]
[PlyCount "105"]

1. e4 e6 2. d3 d5 3. Nd2 c5 4. Ngf3 Nc6 5. g3 Nf6 6. Bg2 Qc7 7. Qe2 d4 8. e5
Nd7 9. Nc4 b5 10. Na3 Ba6 11. Bf4 Bb7 12. O-O Be7 13. Rfe1 Nb6 14. Nb1 O-O 15.
Nbd2 Nd5 16. Bg5 Bxg5 17. Nxg5 Rad8 18. Qe4 g6 19. Qh4 h5 20. Bxd5 Rxd5 21. f4
Kg7 22. Nde4 Nb4 23. Re2 Rdd8 24. a3 Nd5 25. Nf6 Ne3 26. Nge4 Bxe4 27. Nxe4 c4
28. Qf6+ Kh6 29. h3 Nd5 30. Qg5+ Kg7 31. Nf6 Nxf6 32. exf6+ Kh7 33. g4 Rd5 34.
Re5 Rxe5 35. fxe5 Rh8 36. gxh5 Kg8 37. hxg6 fxg6 38. Qxg6+ Kf8 39. Qg7+ Qxg7+
40. fxg7+ Kxg7 41. Kg2 cxd3 42. cxd3 Rc8 43. Kf3 Rh8 44. Kg4 Kg6 45. Rf1 Rg8
46. Rf6+ Kh7+ 47. Kf3 Rg6 48. Rxg6 Kxg6 49. Ke4 Kg5 50. Kxd4 Kf4 51. h4 Kg4 52.
Kc5 Kxh4 53. Kd6 1-0

[Event "Championnat de France des Jeunes - Minim"]
[Site "NIMES"]
[Date "2012.04.15"]
[Round "3.5"]
[White "Susini, Lisa"]
[Black "Vallat, Julie"]
[Result "1-0"]
[WhiteElo "1748"]
[BlackElo "1566"]
[PlyCount "59"]

1. d4 d5 2. Nf3 Nf6 3. e3 Bf5 4. c4 e6 5. Nc3 Be7 6. Bd3 Bg6 7. O-O Nbd7 8. Re1
O-O 9. b3 c5 10. Bxg6 hxg6 11. cxd5 exd5 12. Bb2 Rc8 13. dxc5 Nxc5 14. Rc1 Nce4
15. Nxe4 Nxe4 16. Rxc8 Qxc8 17. Qd3 Rd8 18. Rc1 Qf5 19. Qe2 f6 20. Nd4 Qd7 21.
Qc2 Bd6 22. f3 Ng5 23. Qxg6 Rc8 24. Rxc8+ Qxc8 25. Nf5 Qd7 26. Bxf6 Ne6 27.
Nxd6 Qxd6 28. Bb2 Qe7 29. Qd3 Qd6 30. h4 1-0

[Event "Championnat de France des Jeunes - Minim"]
[Site "NIMES"]
[Date "2012.04.16"]
[Round "4.1"]
[White "Navrotescu, Andreea-Cristiana"]
[Black "Fischer, Julie"]
[Result "0-1"]
[WhiteElo "2094"]
[BlackElo "1841"]
[PlyCount "104"]

1. d4 Nf6 2. c4 g6 3. Nc3 Bg7 4. e4 d6 5. f3 O-O 6. Bg5 Nbd7 7. Nh3 e5 8. d5 a5
9. Nf2 Nc5 10. Be2 c6 11. O-O Qc7 12. Qd2 Ne8 13. Nd3 Nxd3 14. Bxd3 f5 15. exf5
Bxf5 16. Kh1 a4 17. dxc6 bxc6 18. Be4 Be6 19. b3 axb3 20. axb3 Rxa1 21. Rxa1
Nf6 22. Bxf6 Bxf6 23. Ra6 Bd7 24. Qa2 Rb8 25. Qa4 Rb6 26. Ra8+ Kg7 27. b4 d5
28. Ra7 Rb7 29. Rxb7 Qxb7 30. Bb1 e4 31. Qb3 exf3 32. gxf3 dxc4 33. Qxc4 c5 34.
Be4 Qxb4 35. Qxb4 cxb4 36. Nb1 Bg5 37. Kg2 Bf5 38. Bxf5 gxf5 39. Kf2 h6 40. Kg3
Be3 41. f4 Kg6 42. Kf3 Bc1 43. h3 Kf6 44. Ke2 Bxf4 45. Kd3 Bc1 46. Kc2 Ba3 47.
Nd2 Kg5 48. Kd3 Kf4 49. Kd4 Kg3 50. Ke5 f4 51. Ke4 Bc1 52. Nb3 Be3 0-1

[Event "Championnat de France des Jeunes - Minim"]
[Site "NIMES"]
[Date "2012.04.16"]
[Round "4.2"]
[White "Rigolot, Lucie"]
[Black "Bellaiche, Elise"]
[Result "0-1"]
[WhiteElo "1954"]
[BlackElo "1985"]
[PlyCount "118"]

1. e4 c5 2. Nf3 Nc6 3. d4 cxd4 4. Nxd4 Nf6 5. Nc3 e6 6. Bg5 Bb4 7. Ndb5 h6 8.
Bxf6 Qxf6 9. a3 Ba5 10. Nd6+ Ke7 11. Qd2 Qd4 12. O-O-O Qxd2+ 13. Rxd2 Bxc3 14.
bxc3 b6 15. Bb5 a6 16. Be2 Rd8 17. f4 Na5 18. Rhd1 Nb7 19. Nc4 Nc5 20. Nxb6 Rb8
21. Nxc8+ Rbxc8 22. Rd4 g6 23. e5 f5 24. Bf3 g5 25. fxg5 hxg5 26. g4 Rh8 27.
gxf5 exf5 28. h4 g4 29. Bd5 Rxh4 30. Rf4 Rh5 31. Rdf1 Rf8 32. Rc4 Ne6 33. Bxe6
Kxe6 34. Rxg4 fxg4 35. Rxf8 Kxe5 36. Rg8 Kf4 37. Rf8+ Rf5 38. Rd8 Rf7 39. Ra8
Rf6 40. Ra7 Rd6 41. Rc7 g3 42. Rc8 Rg6 43. Rf8+ Kg4 44. Rf1 g2 45. Rg1 Kf3 46.
Kb2 Rb6+ 47. Ka2 Kf2 48. Rd1 g1=Q 49. Rxg1 Kxg1 50. c4 d6 51. c3 Kf2 52. a4 a5
53. Ka3 Ke3 54. c5 dxc5 55. c4 Kd4 56. Ka2 Kxc4 57. Ka3 Kc3 58. Ka2 Kc2 59. Ka1
Rb4 0-1

[Event "Championnat de France des Jeunes - Minim"]
[Site "NIMES"]
[Date "2012.04.16"]
[Round "4.3"]
[White "Dol, Cecile"]
[Black "Susini, Lisa"]
[Result "0-1"]
[WhiteElo "1577"]
[BlackElo "1748"]
[PlyCount "82"]

1. e3 d5 2. Be2 Nf6 3. b3 e6 4. d4 Bd6 5. Ba3 O-O 6. Nf3 c6 7. Bxd6 Qxd6 8. O-O
Nbd7 9. c4 b6 10. Nbd2 Bb7 11. Qc2 Qe7 12. Bd3 Rac8 13. Rac1 dxc4 14. bxc4 h6
15. Rfe1 c5 16. Qb3 Rfd8 17. Bb1 Nf8 18. Qb2 N8d7 19. Qc2 Nf8 20. Qb2 N8d7 21.
Qa3 a6 22. e4 Qf8 23. Qd3 cxd4 24. e5 Nc5 25. Qe2 d3 26. Qe3 Nfe4 27. Nxe4 Bxe4
28. Nd2 Bh7 29. Qf4 Qe7 30. Re3 Qg5 31. Qxg5 hxg5 32. Rg3 Ne4 33. Nxe4 Bxe4 34.
Rd1 Rxc4 35. h3 d2 36. Bxe4 Rxe4 37. Kf1 Rxe5 38. Rb3 Rc8 39. Rxb6 Rc1 40. Rb1
Re1+ 41. Rxe1 dxe1=Q# 0-1

[Event "Championnat de France des Jeunes - Minim"]
[Site "NIMES"]
[Date "2012.04.16"]
[Round "4.4"]
[White "Koch, Marion"]
[Black "Rouzes, Sibylle-Anne"]
[Result "0-1"]
[WhiteElo "1570"]
[BlackElo "1607"]
[PlyCount "80"]

1. d4 d5 2. c4 e6 3. Nc3 Nf6 4. Nf3 c6 5. Bg5 Nbd7 6. e3 Qa5 7. Nd2 Bb4 8. Qc2
O-O 9. Be2 Re8 10. O-O Bd6 11. c5 Bb8 12. f4 Qc7 13. h3 b6 14. b4 a5 15. a3 Ba6
16. Nf3 Bxe2 17. Qxe2 Kh8 18. Ne5 bxc5 19. bxc5 Nxe5 20. fxe5 Ng8 21. Qh5 Rf8
22. Bf4 Qe7 23. Rab1 f6 24. exf6 Nxf6 25. Qe2 Bxf4 26. Rxf4 e5 27. Rf2 Kg8 28.
Rb6 Rfc8 29. Qd2 exd4 30. exd4 Rab8 31. Re2 Qc7 32. Rxb8 Rxb8 33. Qe1 Qf4 34.
Re6 Qxd4+ 35. Kh1 Qxc5 36. Qe5 Rf8 37. Ne2 Qc2 38. Nd4 Qc1+ 39. Kh2 c5 40. Qxd5
Nxd5 0-1

[Event "Championnat de France des Jeunes - Minim"]
[Site "NIMES"]
[Date "2012.04.16"]
[Round "4.5"]
[White "Thomas, Anysia"]
[Black "Bekhouche, Marion"]
[Result "1-0"]
[WhiteElo "1762"]
[BlackElo "1730"]
[PlyCount "99"]

1. d4 d5 2. c4 e6 3. Nc3 c6 4. cxd5 exd5 5. Bf4 Bf5 6. Nf3 Nf6 7. e3 Nbd7 8.
Bd3 Bxd3 9. Qxd3 Be7 10. O-O O-O 11. Rab1 c5 12. Qf5 cxd4 13. Nxd4 Nc5 14. Rfd1
Nce4 15. Nxe4 Nxe4 16. Nb5 Nf6 17. Nc7 Rc8 18. Nxd5 Nxd5 19. Qxd5 Qb6 20. b3
Bf6 21. Rbc1 h6 22. h3 Be7 23. Qd7 Rxc1 24. Rxc1 Bc5 25. Qc7 Qxc7 26. Bxc7 b6
27. Rd1 Rc8 28. Rd8+ Rxd8 29. Bxd8 Kf8 30. Bc7 Ke7 31. Kf1 Ke6 32. Ke2 Kf5 33.
f3 h5 34. e4+ Ke6 35. Kd3 b5 36. f4 Kd7 37. Be5 g6 38. Bd4 Kd6 39. g4 hxg4 40.
hxg4 a6 41. Bxc5+ Kxc5 42. Kc3 a5 43. a3 Kc6 44. Kd4 Kd6 45. e5+ Kc6 46. f5
gxf5 47. gxf5 a4 48. b4 Kb7 49. e6 fxe6 50. f6 1-0

[Event "Championnat de France des Jeunes - Minim"]
[Site "NIMES"]
[Date "2012.04.17"]
[Round "5.1"]
[White "Bellaiche, Elise"]
[Black "Susini, Lisa"]
[Result "1-0"]
[WhiteElo "1985"]
[BlackElo "1748"]
[PlyCount "149"]

1. e4 e5 2. Nf3 Nc6 3. Bc4 Nf6 4. d3 Be7 5. c3 O-O 6. Bb3 d5 7. Nbd2 h6 8. O-O
Bg4 9. h3 Bh5 10. exd5 Nxd5 11. Ne4 Nb6 12. Re1 Nd7 13. Ba4 Bd6 14. Bxc6 bxc6
15. Ng3 Bg6 16. d4 Re8 17. dxe5 Nxe5 18. Nxe5 Rxe5 19. Be3 c5 20. Ne2 Re8 21.
Qd2 Qf6 22. Rad1 Rab8 23. b3 Rbd8 24. Qc1 Bf8 25. Rxd8 Rxd8 26. Rd1 Rxd1+ 27.
Qxd1 Bd6 28. Qd5 Qd8 29. c4 Qf8 30. Nc3 a6 31. Na4 Bb1 32. Nc3 Bg6 33. Na4 Bb1
34. a3 Bc2 35. Nxc5 Qe8 36. b4 Qc8 37. Ne4 Bxe4 38. Qxe4 Bf8 39. Bf4 c5 40. b5
axb5 41. cxb5 Qd8 42. Qc6 Qd1+ 43. Kh2 Qa4 44. Be3 c4 45. Qa6 Qxa3 46. Qxa3
Bxa3 47. b6 c3 48. Bf4 c2 49. b7 Bd6 50. Bxd6 c1=Q 51. b8=Q+ Kh7 52. Qc7 Qd2
53. Bg3 Qd5 54. Qd6 Qa2 55. Qd3+ Kg8 56. Qd8+ Kh7 57. Qh4 Qd5 58. Bb8 Qb7 59.
Bf4 Qd5 60. Be3 f6 61. g4 Qe5+ 62. Qg3 Qb5 63. h4 Qa5 64. g5 fxg5 65. hxg5 hxg5
66. Qxg5 Qc7+ 67. Qg3 Qf7 68. Bf4 Qa7 69. Be5 Qb7 70. Qxg7+ Qxg7 71. Bxg7 Kxg7
72. Kg3 Kg6 73. Kg4 Kf6 74. f4 Kf7 75. Kf5 1-0

[Event "Championnat de France des Jeunes - Minim"]
[Site "NIMES"]
[Date "2012.04.17"]
[Round "5.2"]
[White "Fischer, Julie"]
[Black "Rouzes, Sibylle-Anne"]
[Result "1-0"]
[WhiteElo "1841"]
[BlackElo "1607"]
[PlyCount "35"]

1. e4 c6 2. d4 d5 3. exd5 cxd5 4. Bd3 Nc6 5. c3 e6 6. Bf4 Nf6 7. Nf3 Bd6 8.
Bxd6 Qxd6 9. O-O O-O 10. Re1 Re8 11. Ne5 Nd7 12. Bxh7+ Kf8 13. Qh5 Ndxe5 14.
dxe5 Qd8 15. Re3 g6 16. Bxg6 Ke7 17. Bxf7 Rh8 18. Qg6 1-0

[Event "Championnat de France des Jeunes - Minim"]
[Site "NIMES"]
[Date "2012.04.17"]
[Round "5.3"]
[White "Branlant, Albane"]
[Black "Navrotescu, Andreea-Cristiana"]
[Result "0-1"]
[WhiteElo "1659"]
[BlackElo "2094"]
[PlyCount "132"]

1. d4 Nf6 2. c4 e6 3. Nc3 Bb4 4. e3 c5 5. Bd3 Nc6 6. Nge2 Bxc3+ 7. Nxc3 d6 8.
O-O O-O 9. a3 e5 10. d5 Ne7 11. Qc2 g6 12. e4 Nh5 13. Bh6 Ng7 14. f4 f5 15.
fxe5 dxe5 16. Qd2 f4 17. Qf2 b6 18. Qh4 Nc6 19. Bg5 Qd7 20. Be2 Nd4 21. Bf6 Re8
22. Qg5 Qd6 23. Kf2 Ba6 24. Bxg7 Kxg7 25. Bd3 h6 26. Qg4 Rf8 27. Ne2 Bc8 28.
Qh4 Nb3 29. Rad1 b5 30. cxb5 c4 31. Bc2 g5 32. Qh5 Qc5+ 33. Ke1 Qxb5 34. h4
Qa5+ 35. Nc3 Nd4 36. Rd2 Qd8 37. Rh1 Qf6 38. hxg5 Qxg5 39. Qxg5+ hxg5 40. Kf2
Rb8 41. Bd1 Bd7 42. Ne2 Nb5 43. Nc3 Nxc3 44. bxc3 Rb1 45. Re1 Ra1 46. Be2 Rxa3
47. Rc1 Rc8 48. d6 Kf6 49. Rd5 a5 50. Ke1 a4 51. Ra5 Be6 52. Bd1 Rd8 53. Ra6
Ra2 54. Be2 a3 55. Rd1 Rd7 56. Ra4 Rxe2+ 57. Kxe2 Bg4+ 58. Ke1 Bxd1 59. Kxd1
Rxd6+ 60. Ke2 Rd3 61. Rxa3 Re3+ 62. Kd2 Rxe4 63. Ra1 g4 64. Rf1 Re3 65. Rf2
Rd3+ 66. Kc2 Kf5 0-1

[Event "Championnat de France des Jeunes - Minim"]
[Site "NIMES"]
[Date "2012.04.17"]
[Round "5.4"]
[White "Kambrath, Linda"]
[Black "Rigolot, Lucie"]
[Result "1-0"]
[WhiteElo "1692"]
[BlackElo "1954"]
[PlyCount "171"]

1. e4 c5 2. Nf3 e6 3. c3 d5 4. exd5 Qxd5 5. d4 Nf6 6. Bb5+ Bd7 7. Bxd7+ Nbxd7
8. O-O Bd6 9. Re1 O-O 10. Nbd2 Rfd8 11. Nf1 b5 12. Qe2 cxd4 13. Nxd4 b4 14. Nb5
Nb6 15. Nxd6 Qxd6 16. cxb4 Qxb4 17. Bg5 Nbd5 18. a3 Qb3 19. Ng3 Rdb8 20. Rab1
h6 21. Bxf6 Nxf6 22. Rec1 Nd5 23. Qc4 Qxc4 24. Rxc4 Rb3 25. Ne4 Rab8 26. Rbc1
Kh7 27. Nd6 Rxb2 28. Ra4 Rb1 29. Rac4 Kg6 30. g3 Rxc1+ 31. Rxc1 Rb6 32. Nc4 Kf6
33. Nxb6 axb6 34. Kf1 Ke5 35. Ke2 Kd4 36. Kd2 b5 37. Rc8 Nb6 38. Rd8+ Kc4 39.
Kc2 Nd5 40. Rd7 f5 41. Rxg7 b4 42. axb4 Nxb4+ 43. Kd2 Kd4 44. Rg6 Nd3 45. f3
Ne5 46. Rxh6 Nxf3+ 47. Ke2 Ng5 48. h4 Ne4 49. Kf3 Ke5 50. Rg6 Nf6 51. Rg5 Ne4
52. Rh5 Nf6 53. Rh8 Ng4 54. h5 Kf6 55. Rg8 Nh2+ 56. Kg2 Ng4 57. Kf3 Nh2+ 58.
Ke3 Ng4+ 59. Kf3 Nh2+ 60. Kg2 Ng4 61. Kh3 Nf2+ 62. Kh4 Kf7 63. Rg6 Ne4 64. Kh3
Nf2+ 65. Kg2 Ng4 66. Kh3 Nf2+ 67. Kh4 Ne4 68. g4 f4 69. g5 f3 70. Kh3 e5 71.
Kh2 f2 72. Kg2 f1=Q+ 73. Kxf1 Ng3+ 74. Kf2 Nxh5 75. Ra6 Nf4 76. Kf3 Ne6 77. Kg4
Nd4 78. g6+ Kg7 79. Kg5 Nf3+ 80. Kg4 e4 81. Kh5 e3 82. Ra7+ Kg8 83. Kh6 Kf8 84.
g7+ Kg8 85. Ra8+ Kf7 86. g8=Q+ 1-0

[Event "Championnat de France des Jeunes - Minim"]
[Site "NIMES"]
[Date "2012.04.17"]
[Round "5.5"]
[White "Thomas, Anysia"]
[Black "Vignette, Jeanne"]
[Result "0-1"]
[WhiteElo "1762"]
[BlackElo "1655"]
[PlyCount "118"]

1. d4 Nf6 2. c4 g6 3. Nc3 d5 4. Nf3 Bg7 5. Bg5 Ne4 6. Bf4 Nxc3 7. bxc3 dxc4 8.
Qa4+ Nd7 9. Qxc4 c5 10. e3 Qa5 11. Nd2 O-O 12. Nb3 Qa3 13. Be2 cxd4 14. exd4 e5
15. Bc1 Qd6 16. O-O exd4 17. cxd4 Nb6 18. Qd3 Bf5 19. Qf3 Rfe8 20. Bb5 Be4 21.
Qh3 Bc6 22. Bxc6 Qxc6 23. Bh6 Bh8 24. f4 f5 25. Rad1 Nd5 26. Rfe1 Qc3 27. Rxe8+
Rxe8 28. Qxc3 Nxc3 29. Rd2 Re2 30. Rd3 Ne4 31. Kf1 Rxa2 32. d5 Nd6 33. Nc5 Kf7
34. Bg5 Bf6 35. Bxf6 Kxf6 36. Re3 Ne4 37. Nxe4+ fxe4 38. Rxe4 Rd2 39. Re5 a5
40. d6 a4 41. Re7 Rxd6 42. Rxb7 Ra6 43. Rb2 Kf5 44. g3 a3 45. Ra2 Ke4 46. Ke2
Kd4 47. Kf3 Kc3 48. Kg4 Kb3 49. Ra1 a2 50. Kg5 Kb2 51. Rxa2+ Kxa2 52. Kh6 Ra7
53. g4 Kb3 54. h4 Rf7 55. Kg5 Kc4 56. f5 gxf5 57. gxf5 Kd5 58. h5 Ke5 59. Kh6
Rxf5 0-1

[Event "Championnat de France des Jeunes - Minim"]
[Site "NIMES"]
[Date "2012.04.18"]
[Round "6.1"]
[White "Fischer, Julie"]
[Black "Bellaiche, Elise"]
[Result "0-1"]
[WhiteElo "1841"]
[BlackElo "1985"]
[PlyCount "72"]

1. e4 e6 2. d3 d5 3. Nd2 c5 4. Ngf3 Nc6 5. g3 Bd6 6. Bg2 Nge7 7. O-O O-O 8. Re1
Bc7 9. Qe2 Rb8 10. Nb3 b6 11. e5 Ba6 12. c4 dxc4 13. dxc4 Ng6 14. Bf4 Nxf4 15.
gxf4 Ne7 16. Rad1 Qe8 17. Ng5 h6 18. Ne4 Ng6 19. Qg4 Bxc4 20. h4 Kh8 21. Re3
Ne7 22. Ng3 Bd5 23. f5 exf5 24. Nxf5 Nxf5 25. Qxf5 Bxg2 26. Kxg2 Rd8 27. Rxd8
Qxd8 28. Qg4 Qd5+ 29. Kg1 Rd8 30. Re1 Bxe5 31. Qe2 Bf6 32. Na1 Bxh4 33. Nc2 Qd2
34. Ne3 Qxe2 35. Rxe2 Re8 36. Rd2 Bg5 0-1

[Event "Championnat de France des Jeunes - Minim"]
[Site "NIMES"]
[Date "2012.04.18"]
[Round "6.2"]
[White "Navrotescu, Andreea-Cristiana"]
[Black "Nolot, Clementine"]
[Result "1-0"]
[WhiteElo "2094"]
[BlackElo "1735"]
[PlyCount "49"]

1. d4 d5 2. c4 c6 3. Nf3 Nf6 4. Nc3 dxc4 5. g3 b5 6. Bg2 Bb7 7. O-O e6 8. Ne5
Nd5 9. e4 Nxc3 10. bxc3 Nd7 11. f4 Nxe5 12. fxe5 Be7 13. Qg4 Bf8 14. Bg5 Qc7
15. a4 a5 16. Rf2 h6 17. Be3 b4 18. Raf1 b3 19. d5 cxd5 20. exd5 Qxe5 21. Bd4
Qg5 22. Qe2 Bxd5 23. Rxf7 O-O-O 24. Ra7 Ba3 25. Qxe6+ 1-0